Goddesses in world mythology

Αποθηκεύτηκε σε:
Λεπτομέρειες βιβλιογραφικής εγγραφής
Κύριος συγγραφέας: Ann, Martha
Άλλοι συγγραφείς: Imel, Dorothy Myers
Μορφή: Βιβλίο
Γλώσσα:English
Δημοσίευση: Santa Barbara : ABC-Clio, c1993
Θέματα:
Ετικέτες: Προσθήκη ετικέτας
Δεν υπάρχουν, Καταχωρήστε ετικέτα πρώτοι!

MARC

LEADER 00000nam a2200000 i 4500
001 1/70107
008 990223s1993 eng d
020 |a 0-87436-715-8 
035 |l 10048014 
040 |a GR-MY-UA  |b gre  |e aacr 
041 0 |a eng 
082 0 |a 291.211403 
100 1 |a Ann, Martha. 
245 1 0 |a Goddesses in world mythology /  |c Martha Ann, Dorothy Myers Imel 
260 |a Santa Barbara :   |b ABC-Clio,   |c c1993 
300 |a 655 p. 
504 |a Includes bibliographical references and index 
650 0 0 |a Goddesses  |x Dictionaries. 
650 0 0 |a Mythology  |x Dictionaries. 
700 1 |a Imel, Dorothy Myers. 
852 |a INST  |b LESVOS  |e 19990223  |h 291.211403 ANN  |p 005100018116  |q 005100018116  |t REF  |y 23 
901 |a BIBL-1999-1 
909 |a Λ  |b 062850 
922 |a 1ΕΛΗ  |b 199812  |c ΚΠΣ/ΚΥΒ  |d LEADER 
950 |a 023-1998-09-14